Wisconsin Counties - Sudden Death - Statistics

General Stats
  • This quiz has been taken 63 times
  • The average score is 24 of 42
Answers on the Grid
Answers color-coded by a green-red scale on the quiz's grid according to % correct below.
Adams
Alcona
Appanoose
Ashland
Bayfield
Brown
Buffalo
Butler
Calhoun
Chippewa
Columbiana
Crawford
Darke
DeKalb
Dodge
Door
Eagle
Eau Claire
Edwards
Emmet
Fayette
Florence
Forest
Fulton
Grant
Gray's Harbor
Green
Green Lake
Hamilton
Hancock
Henry
Howard
Indiana
Iowa
Iron
Isabella
Jefferson
Johnson
Juneau
Juniata
Kanabec
Kenosha
Kewaunee
Kosciusko
La Crosse
Lafayette
Lake
Langlade
Madison
Marathon
Marinette
Milwaukee
Monroe
Natchitoches
Nicollet
Noxubee
Okaloosa
Ontonagon
Outagamie
Ozaukee
Pasquotank
Pepin
Perry
Portage
Racine
Randolph
Rockwall
Rusk
Sabine
Sauk
Sawyer
Sheboygan
Tishomingo
Torrance
Trempealeau
Tyler
Union
Upshur
Vermilion
Vilas
Wasatch
Washburn
Waushara
Wibaux
 
Answer Stats
Answer % Correct
Adams
89%
Door
81%
Bayfield
78%
La Crosse
69%
Jefferson
67%
Kenosha
67%
Ashland
64%
Brown
64%
Dodge
64%
Green Lake
64%
Iowa
64%
Racine
64%
Chippewa
61%
Eau Claire
61%
Milwaukee
61%
Marathon
58%
Marinette
58%
Sheboygan
58%
Florence
56%
Grant
56%
Juneau
56%
Monroe
56%
Crawford
53%
Forest
53%
Iron
53%
Kewaunee
53%
Washburn
53%
Buffalo
50%
Green
50%
Lafayette
50%
Langlade
50%
Sauk
50%
Sawyer
50%
Trempealeau
50%
Waushara
50%
Outagamie
47%
Pepin
47%
Vilas
47%
Ozaukee
44%
Rusk
44%
Portage
42%
Kosciusko
0%
No matching quizzes found
Score Distribution
Percent of People with Each Score
Percentile by Number Answered
Your Score History
You have not taken this quiz